Catalogue of Mr. John A. Rice's library : to be sold by auction on Monday, March 21st, 1870, and five following days by Bangs, Merwin & Co.

Bibliographic Details
Main Author: Rice, John A. (John Asaph), 1829-1888
Format: Microform Book
Language:English
Published: New York : J. Sabin, Printers and Compilers of the Catalogue, 1870.
Subjects:

MARC

Tag First Indicator Second Indicator Subfields
LEADER 00000cam a2200000 a 4500
001 in00000084292
005 20151008061318.0
007 he bm----b---
008 780310r19771870kyu bbc 00010 enged
035 |a (OCoLC)03703304 
035 |9 AAJ7791AM 
040 |a DLC  |c RRR  |d RRR  |d TXA  |d UtOrBLW 
043 |a s------  |a n------ 
049 |a TXAI 
082 0 |a 016.973 
090 |a Z997  |b .R49 
099 |a fiche  |a C  |a 4478 
100 1 |a Rice, John A.  |q (John Asaph),  |d 1829-1888. 
245 1 0 |a Catalogue of Mr. John A. Rice's library :  |b to be sold by auction on Monday, March 21st, 1870, and five following days by Bangs, Merwin & Co. 
264 1 |a New York :  |b J. Sabin, Printers and Compilers of the Catalogue,  |c 1870. 
300 |a xvi, 556 pages ;  |c 23 cm. 
336 |a text  |b txt  |2 rdacontent 
337 |a microform  |b h  |2 rdamedia 
338 |a microfiche  |b he  |2 rdacarrier 
500 |a 2667 nos. sold for $42,262.69. 
500 |a "Chief features ... is the ... collection of Americana." 
500 |a Index to subjects: pages 533-536. List of prices: pages [541]-556. 
500 |a "Sabin : 70339." 
500 |a "Copied from the original in the Library of Congress." 
533 |a Microfiche.  |b Louisville, [Ky.] :  |c Lost Cause Press,  |d 1977.  |e 8 microfiches : negative ; 11 x 15 cm.  |f ([Bibliotheca Americana. Selected Americana. Microfiche ed. / J. Sabin]) (Fiche book) 
500 |a Microform. 
651 0 |a America  |v Bibliography of bibliographies  |x Catalogs. 
650 0 |a Bibliographical literature  |z America. 
999 |a MARS 
999 f f |s a941f62f-830d-35ca-8f0f-4975f9ac9f81  |i d3a31598-d68c-32b4-8950-27838e3b9e85  |t 0 
952 f f |p normal  |a Texas A&M University  |b College Station  |c Sterling C. Evans Library  |d Evans: Microforms (3rd floor)  |t 0  |e fiche C 4478  |h Other scheme  |i microform -- microfiche  |m A14821692194 
998 f f |a fiche C 4478  |t 0  |l Evans: Microforms (3rd floor)